| 000 | 01116nam0a22002891 4500 | ||
|---|---|---|---|
| 001 | rc\4911226 | ||
| 005 | 20250612203319.0 | ||
| 021 |
_aRU _bРг917-59 |
||
| 035 | _a(NLR Aleph) 008837394 | ||
| 090 |
_a8320994 _c8320994 |
||
| 100 | _a20130426d1958 |||y0rusy50 ca | ||
| 101 | 0 | _arus | |
| 102 | _aRU | ||
| 105 | _ay ac ||||| | ||
| 200 | 1 |
_aКристаллография _eКниги и брошюры, изданные в СССР за 1917-1957 гг. _e(Библиогр. указатель) _fАкад. наук СССР. Б-ка... Сектор сети спец. б-к. Б-ка Ин-та кристаллографии |
|
| 210 |
_aМосква _cБ. и. _d1958 |
||
| 215 |
_a[3], 2, 47 л. _d28 |
||
| 300 | _aЛитогр. | ||
| 300 | _aСост. указан на [2-м] л. | ||
| 300 | _aТекст на одной стороне листа | ||
| 700 | 1 |
_aФлинт _bК.В. _4220 |
|
| 712 | 0 | 2 | _aИнститут кристаллографии (Москва). Библиотека |
| 801 | 0 |
_aRU _bNLR _gpsbo |
|
| 801 | 1 |
_aRU _bELAR _2rusmarc |
|
| 852 |
_aNLR _jС193-420/Ф72 |
||
| 942 | _cBOOK | ||
| 980 | _aNB | ||